| 000 | 00533nam a22001817a 4500 | ||
|---|---|---|---|
| 999 |
_c124396 _d124396 |
||
| 005 | 20211021101454.0 | ||
| 008 | 211021b ||||| |||| 00| 0 eng d | ||
| 020 | _a9783030220723 | ||
| 040 | _cPK-LaUMT | ||
| 082 |
_a711.40285 _bSMA- |
||
| 245 |
_aSmart governance for cities : _bperspectives and experiences / _cedited by Nuno Vasco Moreira Lopes |
||
| 260 |
_aCham, Switzerland : _bSpringer, _c2020 |
||
| 300 | _a223 p. | ||
| 650 | _aSmart cities | ||
| 650 | _aUrban geography | ||
| 650 | _aApplication software | ||
| 942 | _cBK | ||